| 000 | 00556 a2200169 4500 | ||
|---|---|---|---|
| 020 | _a0072347929 (hardcover) | ||
| 020 | _a9780072347920 (hardcover) | ||
| 090 |
_c4888 _d4888 |
||
| 100 | 1 | _aSumanth, David J. | |
| 245 | 1 | 0 |
_aProductivity engineering & management / _cDavid J. Sumanth. |
| 250 | _aEdition Unstated ed. | ||
| 260 |
_a[S.l.] : _bMcGraw-Hill Companies, The, _c1999. |
||
| 300 | _a1 v. (unpaged) | ||
| 500 | _aImport. | ||
| 856 | 4 | 0 |
_3Amazon.com _uhttp://www.amazon.com/exec/obidos/ASIN/0072347929/chopaconline-20 |
| 942 |
_aNBS _cBK _k658.5 SUM |
||
| 999 |
_c347318 _d347318 |
||